Principles of Research Integrity and Ethics in the Regulations of Organizational and Procedural Law of Scientific Research Institutions
Cieľom článku je na základe štúdia predovšetkým domácich ale aj zahraničných zdrojov z danej problematiky a s využitím všeobecných metód vedeckej práce (analýza, syntéza, indukcia, dedukcia a komparácia) identifikovať a charakterizovať základné dokumenty upravujúce činnosť vedecko-výskumných pracovn...
Salvato in:
| Autore principale: | |
|---|---|
| Altri autori: | |
| Natura: | Capitolo di libro |
| Lingua: | slovacco |
| Soggetti: | |
| Tags: |
Nessun Tag, puoi essere il primo ad aggiungerne!!
|
MARC
| LEADER | 00000naa$a2200000$$$4500 | ||
|---|---|---|---|
| 001 | 0290242 | ||
| 005 | 20240502083938.3 | ||
| 041 | 0 | |a slo | |
| 044 | |a CZ | ||
| 245 | 1 | 0 | |a Principles of Research Integrity and Ethics in the Regulations of Organizational and Procedural Law of Scientific Research Institutions |c Sylvia Bukovová, Katarína Grančičová |
| 520 | |a Cieľom článku je na základe štúdia predovšetkým domácich ale aj zahraničných zdrojov z danej problematiky a s využitím všeobecných metód vedeckej práce (analýza, syntéza, indukcia, dedukcia a komparácia) identifikovať a charakterizovať základné dokumenty upravujúce činnosť vedecko-výskumných pracovníkov vo najvýznamnejších výskumných inštitúciách na Slovensku a v Čechách a následne analyzovať ich obsah vzhľadom na implementáciu princípov vedeckej integrity a etiky výskumu vo vedecko-výskumnej práci týchto inštitúcií. | ||
| 610 | 2 | 0 | |a etika |
| 610 | 2 | 0 | |a kódexy etické |
| 610 | 2 | 0 | |a práca vedeckovýskumná |
| 610 | 2 | 0 | |a práce výskumné |
| 610 | 2 | 0 | |a činnosť publikačná |
| 610 | 2 | 0 | |a plagiátorstvo |
| 610 | 2 | 0 | |a ústavy vedecké |
| 610 | 2 | 0 | |a Slovensko |
| 610 | 2 | 0 | |a Česko |
| 610 | 2 | 0 | |a Európska únia |
| 100 | 1 | |a Bukovová, Sylvia, 1959- | |
| 700 | 1 | |a Grančičová, Katarína, 1967- | |